00362nam a2200133Ia 4500008004100000041000800041082001600049100001900065245006300084260004300147300001400190365001100204650001300215210719s1966 xx 000 0 und d aeng a338.82 NAMM aNAMJOSHI (M V) aMonopolies in India: policy proposals for a mixed economy. aBombaybLalvani Publishing Housec1966 ax,176bHB b15cRs aIndustry